Riadenie procesov v podnikovej vrstve riadenia s využitím štandardných nástrojov
Gespeichert in:
| 1. Verfasser: | |
|---|---|
| Weitere Verfasser: | |
| Format: | Abschlussarbeit Buch |
| Sprache: | Slowakisch |
| Veröffentlicht: |
2015
|
| Schlagworte: | |
| Online-Zugang: | http://is.stuba.sk/zp/portal_zp.pl?podrobnosti=101501 |
| Tags: |
Keine Tags, Fügen Sie das erste Tag hinzu!
|
MARC
| LEADER | 00000ntm a22000003a 4500 | ||
|---|---|---|---|
| 001 | stuzp35717 | ||
| 003 | SK-STU | ||
| 005 | 20160719153000.7 | ||
| 007 | ta | ||
| 008 | 150427s2015----xo-----f-mn---000-0-slo-d | ||
| 040 | |a STU |b slo | ||
| 041 | 0 | |a slo | |
| 100 | 1 | |a Péči, Matúš, |d 1987- |u M6000 |4 aut |9 100 |U MTF Materiálovotechnologická fakulta |T MTF Ústav aplikovanej informatiky, automatizácie a mechatroniky |X 69790 |U M6000 |Y 86 |7 69790 | |
| 242 | 0 | 1 | |a The control processes in the information level with the use of standard tools |y eng |
| 245 | 1 | 0 | |a Riadenie procesov v podnikovej vrstve riadenia s využitím štandardných nástrojov |
| 260 | |c 2015 | ||
| 300 | |a 111 s., |e 1 CD-ROM, autoreferát | ||
| 500 | |a Študijný program: automatizácia a informatizácia procesov | ||
| 500 | |a Študijný odbor: 5.12.14 automatizácia | ||
| 502 | |a Dizertačná práca (PhD.) - STU MTF v Trnave UIAM, 2015 | ||
| 650 | 4 | |a CRM |2 slo | |
| 650 | 4 | |a modelovanie procesov |2 slo | |
| 650 | 4 | |a ERP |2 slo | |
| 650 | 4 | |a nasadenie ERP |2 slo | |
| 650 | 4 | |a integrácia |2 slo | |
| 650 | 4 | |a Microsoft Dynamics CRM |2 slo | |
| 650 | 4 | |a Microsoft SharePoint |2 slo | |
| 650 | 4 | |a ERP |2 eng | |
| 650 | 4 | |a CRM |2 eng | |
| 650 | 4 | |a process modeling |2 eng | |
| 650 | 4 | |a ERP deployment |2 eng | |
| 650 | 4 | |a integration |2 eng | |
| 650 | 4 | |a Microsoft Dynamics CRM |2 eng | |
| 650 | 4 | |a Microsoft SharePoint |2 eng | |
| 700 | 1 | |a Važan, Pavel |4 ths |X 323 |7 A000000323 | |
| 856 | 4 | |u http://is.stuba.sk/zp/portal_zp.pl?podrobnosti=101501 | |
| 996 | |b . |c M* DzP-446 |l MMSKP |s P |a 0 |w stuzp35717_0001 | ||
| SQL | |a stuzp35717 |b DDZ |c SLO |d Riadenie procesov v podnikovej vrstve riadenia s využitím štandardných nástrojov |e 69790 |f Péči, Matúš |g 066000 |h 323 |i Važan, Pavel |j 20150708 |k 360 |l 06 |m http://is.stuba.sk/zp/portal_zp.pl?podrobnosti=101501 |n D-AIP |o 5.2.14. automatizácia | ||